Bharata: (Record no. 179361)

MARC details
000 -LEADER
fixed length control field 00650nam a22002057a 4500
005 - DATE AND TIME OF LATEST TRANSACTION
control field 20210609122626.0
010 ## - LCCN (DPL NO)
LC control number B-740207
020 ## - INTERNATIONAL STANDARD BOOK NUMBER
International Standard Book Number 9788126018089
Terms of availability 150.00
035 ## - SYSTEM CONTROL NUMBER
System control number B-740207
037 ## - SOURCE OF ACQUISITION
Source of stock number/acquisition Gift
082 14 - DEWEY DECIMAL CLASSIFICATION NUMBER
Classification number 793.31954
100 ## - MAIN ENTRY--PERSONAL NAME
Personal name Vatsyayan, Kapila
245 ## - TITLE STATEMENT
Title Bharata:
Remainder of title the natyasastra /
Statement of responsibility, etc by Kapila Vatsyayan
260 ## - PUBLICATION, DISTRIBUTION, ETC. (IMPRINT)
Place of publication, distribution, etc New Delhi
Name of publisher, distributor, etc Sahitya Akademi
Date of publication, distribution, etc 2016
270 ## - ADDRESS
Address Rabindra Bhawan, 35 Ferozshah Road
City New Delhi
Postal code 110001
300 ## - PHYSICAL DESCRIPTION
Extent x, 218p.
Dimensions 22cm(Hb)
500 ## - GENERAL NOTE
General note include index
942 ## - ADDED ENTRY ELEMENTS (KOHA)
Institution code [OBSOLETE] dpl
Item type English Books
Source of classification or shelving scheme Dewey Decimal Classification
Classification part 793.31954
Call number suffix VAT
Holdings
Withdrawn status Lost status Not for loan Collection code Home library Current library Date acquired Source of acquisition Cost, normal purchase price Full call number Barcode Copy number Cost, replacement price Koha item type Public note
      Non-fiction Kadipur Kadipur 09/06/2021 Gift/Eng/02-06-2021 150.00 793.31954 VAT B-740207 1 150.00 English Books Gift

© Delhi Public Library
Hit Counter
free hit counter